[Event "1.CLZ 10/11,Praha Kobylisy-Pankrac"]
[Site "?"]
[Round "8.1"]
[Annotator ""]
[Source ""]
[Remark ""]

1.e4 c5 2.Nf3 Nc6 3.Bb5 g6 4.Bxc6 dxc6 5.d3 Bg7 6.h3 e5 7.Nc3
Qe7 8.Be3 Nf6 9.Qd2 h6 10.a3 Nd7 11.O-O a5 12.Nh2 a4 13.Ne2 Nf8
14.c3 Be6 15.f4 exf4 16.Nxf4 Bb3 17.Qf2 Nd7 18.Nf3 O-O 19.Nd2
Rfe8 20.Rfe1 Rad8 21.Nxb3 axb3 22.Rad1 b5 23.Kh1 Bf8 24.Bc1 Bg7
25.d4 b4 26.axb4 cxd4 27.cxd4 Qxb4 28.e5 Nf8 29.Be3 Ne6 30.Nxe6
Rxe6 31.Rc1 Rd5 32.Qf3 Qb7 33.Bg1 f6 1/2-1/2

[White "Dolezal, Radoslav"]
[Black "Simek, Petr"]
[WhiteElo "2417"]
[BlackElo "2302"]
[Result "1/2-1/2"]
[Date "2011.02.13"]

[Event "1.CLZ 10/11,Praha Kobylisy-Pankrac"]
[Site "?"]
[Round "8.2"]
[Annotator ""]
[Source ""]
[Remark ""]

1.d4 Nf6 2.Nf3 e6 3.e3 c5 4.c4 d5 5.Nc3 Nc6 6.a3 a6 7.dxc5 Bxc5
8.b4 Be7 9.Bb2 O-O 10.h3 dxc4 11.Bxc4 b5 12.Be2 Bb7 13.O-O h6
14.Qxd8 Rfxd8 1/2-1/2

[White "Forman, Stepan"]
[Black "Svoboda, Svatopluk"]
[WhiteElo "2343"]
[BlackElo "2279"]
[Result "0-1"]
[Date "2011.02.13"]

[Event "1.CLZ 10/11,Praha Kobylisy-Pankrac"]
[Site "?"]
[Round "8.3"]
[Annotator ""]
[Source ""]
[Remark ""]

1.e4 e6 2.g3 d5 3.Bg2 Nf6 4.e5 Nfd7 5.d4 c5 6.c3 Nc6 7.Ne2 Qb6
8.O-O Be7 9.dxc5 Qc7 10.Nd4 O-O 11.b4 Ndxe5 12.Bf4 g5 13.Nxc6
bxc6 14.Be3 Nc4 15.Bc1 a5 16.a3 Qe5 17.f4 Qg7 18.Ra2 g4 19.Re1
f5 20.Rae2 Bf6 21.Rxe6 Bxe6 22.Rxe6 Rfe8 23.Rxc6 Rad8 24.Bd2
axb4 25.axb4 Kh8 26.Qc2 d4 27.cxd4 Bxd4+ 28.Kh1 Ne3 29.Bxe3 Bxe3
30.Rd6 Rxd6 31.cxd6 Qd4 32.d7 Qxd7 33.Bc6 Qd6 34.Kg2 Re6 35.b5
Bd4 36.Qxf5 Re2+ 37.Kf1 Rf2+ 38.Ke1 Qb4+ 39.Kd1 Qb3+ 0-1

[White "Dvorak, Tomas"]
[Black "Belaska, Premysl"]
[WhiteElo "2278"]
[BlackElo "2238"]
[Result "1-0"]
[Date "2011.02.13"]

[Event "1.CLZ 10/11,Praha Kobylisy-Pankrac"]
[Site "?"]
[Round "8.4"]
[Annotator ""]
[Source ""]
[Remark ""]

1.e4 c5 2.Nf3 Nc6 3.d4 cxd4 4.Nxd4 Qb6 5.Nb3 e6 6.Nc3 Nf6 7.a3
Be7 8.Be3 Qc7 9.f4 O-O 10.Bd3 a6 11.e5 Ne8 12.Qh5 f5 13.O-O-O
d6 14.exd6 Bxd6 15.Qf3 b5 16.Bxb5 Bb7 17.Bc4 Kh8 18.Qe2 Nf6 19.Kb1
Rfe8 20.Rhe1 e5 21.Bb6 Qxb6 22.Rxd6 exf4 23.Re6 Qd8 24.Nc5 Rxe6
25.Qxe6 Nd4 26.Nxb7 Nxe6 27.Nxd8 Nxd8 28.Nd5 Ne4 29.Bd3 Nb7 30.Nc7
Rd8 31.Bxe4 fxe4 32.Rxe4 Rd1+ 33.Ka2 g5 34.Ne6 h6 35.h4 Nd6 36.Ra4
Re1 37.Nd4 Re4 38.c3 Nf5 39.hxg5 hxg5 40.Ra5 Nxd4 41.cxd4 g4
42.Rg5 g3 43.d5 Re2 44.d6 Rd2 45.Rf5 Rxd6 46.Rxf4 Rd3 47.Rb4
Rd2 48.Rh4+ Kg7 49.Rg4+ Kf6 50.Rxg3 Kf5 51.Rc3 Rd6 52.b4 Ke4
53.Kb3 Kd4 54.g4 Re6 55.g5 a5 56.Rg3 axb4 57.axb4 Rg6 58.Rg4+
Ke5 59.Kc4 1-0

[White "Kopta, Pavel"]
[Black "Pesout, Jan"]
[WhiteElo "2287"]
[BlackElo "2250"]
[Result "1-0"]
[Date "2011.02.13"]

[Event "1.CLZ 10/11,Praha Kobylisy-Pankrac"]
[Site "?"]
[Round "8.5"]
[Annotator ""]
[Source ""]
[Remark ""]

1.d4 Nf6 2.c4 c5 3.d5 e6 4.Nc3 exd5 5.cxd5 d6 6.e4 g6 7.Bd3 Bg7
8.h3 O-O 9.Nf3 b6 10.O-O Ba6 11.Bf4 Bxd3 12.Qxd3 a6 13.a4 Qc7
14.Nd2 Nbd7 15.Nc4 Ne8 16.Qg3 Ne5 17.b3 Rb8 18.Rfd1 f6 19.Ra2
Rf7 20.Na3 Qc8 21.Rc2 Nc7 22.Nc4 Qd7 23.Bd2 Rff8 24.h4 Nxc4 25.bxc4
b5 26.axb5 axb5 27.cxb5 Nxb5 28.Nxb5 Rxb5 29.Bf4 Rb6 30.Ra2 Re8
31.Re1 Bf8 32.Bd2 f5 33.h5 Qf7 34.hxg6 hxg6 35.Ra7 f4 36.Bxf4
Qf6 37.e5 dxe5 38.Bxe5 Bd6 39.f4 Qf5 40.Qh4 g5 1-0

[White "Vokoun, Jan"]
[Black "Dvorak, Jan"]
[WhiteElo "2197"]
[BlackElo "2175"]
[Result "0-1"]
[Date "2011.02.13"]

[Event "1.CLZ 10/11,Praha Kobylisy-Pankrac"]
[Site "?"]
[Round "8.6"]
[Annotator ""]
[Source ""]
[Remark ""]

1.e4 e6 2.d3 c5 3.Nf3 Nc6 4.g3 d5 5.Nbd2 Bd6 6.Bh3 Nge7 7.O-O
O-O 8.Re1 Ng6 9.c3 f5 10.exd5 exd5 11.Qb3 Bc7 12.Bg2 Kh8 13.Qb5
Bb6 14.Qa4 f4 15.d4 c4 16.b3 cxb3 17.Qxb3 Bg4 18.Ba3 Rf7 19.Bc5
Ba5 20.h3 Bxf3 21.Nxf3 fxg3 22.fxg3 Bc7 23.Qxb7 Na5 24.Qb5 Bxg3
25.Bb4 Bxe1 26.Bxa5 Bf2+ 27.Kxf2 Qh4+ 28.Kf1 Qg3 29.Qxd5 Raf8
30.Re1 Rxf3+ 31.Bxf3 Rxf3+ 32.Ke2 Re3+ 33.Kd1 Qxe1+ 34.Kc2 Re2+
35.Kb3 Qb1+ 36.Ka3 Qb2+ 37.Ka4 Qxa2+ 38.Qxa2 Rxa2+ 39.Kb5 Kg8
40.c4 Kf7 41.d5 Nf4 42.Bc7 g5 43.d6 Ke6 0-1

[White "Janda, Jiri"]
[Black "Reznicek, Tomas"]
[WhiteElo "2221"]
[BlackElo "2252"]
[Result "0-1"]
[Date "2011.02.13"]

[Event "1.CLZ 10/11,Praha Kobylisy-Pankrac"]
[Site "?"]
[Round "8.7"]
[Annotator ""]
[Source ""]
[Remark ""]

1.e4 e5 2.Nf3 Nc6 3.Bb5 a6 4.Ba4 Nf6 5.Qe2 b5 6.Bb3 Bc5 7.c3
O-O 8.d3 d6 9.Bg5 Be6 10.Nbd2 h6 11.Bh4 Qe7 12.Bd5 Bd7 13.Nf1
Rab8 14.g4 Nd8 15.g5 hxg5 16.Bxg5 c6 17.Bb3 Ne6 18.Rg1 Nxg5 19.Nxg5
a5 20.h4 a4 21.Bd1 d5 22.Qf3 Rfd8 23.Qg2 Qf8 24.h5 dxe4 25.dxe4
Ne8 26.h6 g6 27.Qf3 f6 28.h7+ Kh8 29.Nh3 Qf7 30.Ne3 Be6 31.Be2
b4 32.Ng4 a3 33.b3 bxc3 34.Nh6 Qxh7 35.Ng4 Qg7 36.Ng5 Bxg4 37.Qxg4
fxg5 38.Rh1+ Kg8 39.Qe6+ Kf8 40.Rh3 Rd6 41.Rf3+ Nf6 42.Qxe5 Bb4
43.Qxg5 Kg8 44.Bc4+ Kh8 45.Ke2 Rd2+ 46.Kf1 Nh7 47.Rh3 Rf8 48.Rxh7+
Kxh7 0-1

[White "Krouzel, Jaroslav"]
[Black "Routner, Jakub"]
[WhiteElo "2213"]
[BlackElo "2059"]
[Result "1/2-1/2"]
[Date "2011.02.13"]

[Event "1.CLZ 10/11,Praha Kobylisy-Pankrac"]
[Site "?"]
[Round "8.8"]
[Annotator ""]
[Source ""]
[Remark ""]

1.d4 Nf6 2.c4 e6 3.Nc3 Bb4 4.Bg5 h6 5.Bh4 c5 6.d5 Bxc3+ 7.bxc3
d6 8.f3 e5 9.e3 Nbd7 10.Qc2 b6 11.Nh3 Ba6 12.Be2 Qe7 13.Nf2 g5
14.Bg3 O-O-O 15.a4 Bb7 16.a5 Kc7 17.O-O Nh5 18.Bd3 Ng7 19.Rfb1
Rdf8 20.e4 h5 21.Nd1 g4 22.fxg4 hxg4 23.Ne3 Qg5 24.Qf2 Nh5 25.Rf1
Nhf6 26.Nf5 Rh5 27.Bh4 Qg6 28.g3 Ne8 29.Bc2 f6 30.Ba4 Bc8 31.Bxd7
Kxd7 32.axb6 a6 33.b7 Bxb7 34.Qb2 Bc8 35.Qb6 Rxf5 36.Rxf5 Qh6
37.Qc6+ Kd8 38.Qb6+ Ke7 39.Rf2 Qe3 40.Qb1 Qxc3 41.Qf1 Qd4 42.Re1
Rg8 43.Kg2 Rg6 44.Qe2 Bd7 45.Rd1 Qc3 46.Qd3 Qxd3 47.Rxd3 Kd8
48.Ra3 Bc8 49.Ra1 Ke7 50.Kf1 Ng7 51.Ke2 Kf7 52.Raf1 Ne8 53.Kd2
Bd7 54.Ra1 Bc8 55.Kc3 Nc7 56.Raf1 Ne8 57.Kb3 Bd7 58.Ra1 Nc7 59.Kc3
Ke7 60.Raf1 Ne8 61.Rb2 Bc8 62.Rb6 Rg7 63.Rfb1 Kd8 64.Rb8 Rf7
65.R8b6 Rc7 66.Rf1 Rf7 67.Rb2 1/2-1/2

[White "Kulhanek, Tomas"]
[Black "Hinks-Edwards, Thomas"]
[WhiteElo "2391"]
[BlackElo "2383"]
[Result "0-1"]
[Date "2011.02.27"]

[Event "1.CLZ 10/11,1. Novoborsky SK B-Praha Kobylisy"]
[Site "?"]
[Round "9.1"]
[Annotator ""]
[Source ""]
[Remark ""]

1.e4 g6 2.d4 Bg7 3.Nc3 d6 4.Be3 a6 5.a4 b6 6.Qd2 Bb7 7.f3 Nd7
8.h4 h6 9.h5 g5 10.d5 e6 11.dxe6 fxe6 12.Bc4 Qe7 13.Nge2 Ne5
14.Bb3 Nf6 15.f4 gxf4 16.Nxf4 Bc8 17.O-O-O Bd7 18.Qe2 b5 19.Bd4
Nfg4 20.Ng6 Qg5+ 21.Kb1 Nxg6 22.Bxg7 Nf4 23.Qf3 Qxg7 24.Qxf4
Qg5 25.Qg3 Rf8 26.Rdf1 Ke7 27.Qd3 bxa4 28.Bxa4 Nf2 29.Rxf2 Rxf2
30.Bxd7 Kxd7 31.e5 Qxe5 32.Ne4 Rf7 33.Re1 Rb8 34.b3 a5 35.Qc4
Qd5 36.Qa4+ Qb5 37.Qd4 e5 38.Qd1 Rbf8 39.Nc3 Qb4 40.Qd3 Qd4 41.Qb5+
Ke6 42.Kb2 a4 43.Ra1 axb3 44.Qxb3+ Kd7 45.Ra4 Qb6 46.Rb4 Qa6
47.Nd5 Rf1 48.Ra4 Qc6 49.Ra7 Qc5 50.Qa4+ Ke6 51.Nxc7+ Kf5 52.Qd7+
Ke4 53.Qg4+ Ke3 54.Ra3+ Kf2 55.Rb3 Qd4+ 56.Qxd4+ exd4 57.Ne6
Rf6 58.Nxd4 Kxg2 59.Rd3 Rh1 60.Nb5 Rxh5 61.Nxd6 Re5 62.Nc4 Rb5+
63.Kc3 h5 64.Ne3+ Kf2 65.Kd2 Rg6 66.Rd4 Rbb6 67.Nf5 Rg4 68.Rd8
Rbb4 69.c3 Rbe4 70.Rh8 h4 71.Kd3 Ref4 72.Nd4 Kg2 73.Nc2 Rg3+
74.Kd2 Rf2+ 75.Kd1 Rd3+ 76.Ke1 Rxc2 77.Rg8+ Kh2 0-1

[White "Simek, Petr"]
[Black "Vrana, Jan"]
[WhiteElo "2302"]
[BlackElo "2348"]
[Result "1-0"]
[Date "2011.02.27"]

[Event "1.CLZ 10/11,1. Novoborsky SK B-Praha Kobylisy"]
[Site "?"]
[Round "9.2"]
[Annotator ""]
[Source ""]
[Remark ""]

1.g3 d5 2.Nf3 Nf6 3.Bg2 e6 4.O-O Be7 5.d3 O-O 6.Nbd2 b6 7.Re1
Bb7 8.c3 c5 9.a3 a5 10.a4 Nc6 11.e4 Qc7 12.e5 Nd7 13.Qe2 Rae8
14.Nf1 f6 15.exf6 Bxf6 16.Bg5 e5 17.Ne3 Ne7 18.h4 h6 19.Ng4 hxg5
20.hxg5 e4 21.gxf6 exf3 22.Qe6+ Rf7 23.fxg7 Kxg7 24.Qh6+ Kg8
25.Bh3 Qc6 26.Re6 Qc8 27.Rae1 Rg7 28.Qh5 Qd8 29.Nh6+ Kf8 30.Qxf3+ 1-0

[White "Kochetkova, Julia"]
[Black "Forman, Stepan"]
[WhiteElo "2327"]
[BlackElo "2343"]
[Result "1/2-1/2"]
[Date "2011.02.27"]

[Event "1.CLZ 10/11,1. Novoborsky SK B-Praha Kobylisy"]
[Site "?"]
[Round "9.3"]
[Annotator ""]
[Source ""]
[Remark ""]

1.e4 c5 2.Nf3 e6 3.c3 d6 4.d4 Nf6 5.Bd3 Nc6 6.O-O e5 7.h3 exd4
8.cxd4 cxd4 9.Na3 Be7 10.Nc2 d5 11.exd5 Qxd5 12.Ncxd4 Nxd4 13.Nxd4
Bd7 14.Be2 Bc5 15.Nb3 Bb6 16.Bf3 Qxd1 17.Rxd1 O-O-O 18.Bg5 Be6
19.Rac1+ Kb8 20.Rxd8+ Rxd8 21.Nc5 Rc8 22.b4 Bxc5 23.bxc5 Nd5
24.a3 h6 25.Bh4 Kc7 26.Bg3+ 1/2-1/2

[White "Schula, Michal"]
[Black "Kucera, Petr"]
[WhiteElo "2300"]
[BlackElo "2374"]
[Result "1/2-1/2"]
[Date "2011.02.27"]

[Event "1.CLZ 10/11,1. Novoborsky SK B-Praha Kobylisy"]
[Site "?"]
[Round "9.4"]
[Annotator ""]
[Source ""]
[Remark ""]

1.e4 e6 2.d4 d5 3.Nd2 Be7 4.Ngf3 Nf6 5.Bd3 c5 6.exd5 Qxd5 7.dxc5
Bxc5 8.Qe2 Nc6 9.O-O O-O 10.a3 Qh5 11.Ne4 Nxe4 12.Qxe4 Bd6 13.Re1 1/2-1/2

[White "Vaculik, Martin"]
[Black "Kopta, Pavel"]
[WhiteElo "2281"]
[BlackElo "2287"]
[Result "1/2-1/2"]
[Date "2011.02.27"]

[Event "1.CLZ 10/11,1. Novoborsky SK B-Praha Kobylisy"]
[Site "?"]
[Round "9.5"]
[Annotator ""]
[Source ""]
[Remark ""]

1.e4 c5 2.Nf3 d6 3.d4 cxd4 4.Nxd4 Nf6 5.Nc3 g6 6.Be2 Bg7 7.O-O
O-O 8.Bg5 Nc6 9.Nb3 h6 10.Bh4 Be6 11.f4 Rc8 12.Kh1 Qd7 13.Bf3
Bg4 14.Nd5 Bxf3 15.Qxf3 Nh7 16.c3 f5 17.exf5 Rxf5 1/2-1/2

[White "Dvorak, Jan"]
[Black "Oresky, Jan"]
[WhiteElo "2175"]
[BlackElo "2213"]
[Result "0-1"]
[Date "2011.02.27"]

[Event "1.CLZ 10/11,1. Novoborsky SK B-Praha Kobylisy"]
[Site "?"]
[Round "9.6"]
[Annotator ""]
[Source ""]
[Remark ""]

1.d4 d5 2.c4 dxc4 3.Nf3 Nf6 4.e3 a6 5.a4 c5 6.Bxc4 e6 7.O-O Nc6
8.Qe2 cxd4 9.Rd1 Be7 10.exd4 O-O 11.Nc3 Nd5 12.Ne4 b6 13.Bd3
Ncb4 14.Bb1 Bb7 15.Nfg5 g6 16.Ra3 Rc8 17.Rh3 Rxc1 18.Nxh7 Nf4 0-1

[White "Braun, Marek"]
[Black "Jancarik, Joel"]
[WhiteElo "2153"]
[BlackElo "2205"]
[Result "0-1"]
[Date "2011.02.27"]

[Event "1.CLZ 10/11,1. Novoborsky SK B-Praha Kobylisy"]
[Site "?"]
[Round "9.7"]
[Annotator ""]
[Source ""]
[Remark ""]

1.e4 c5 2.Nf3 d6 3.b3 Nf6 4.Nc3 g6 5.Bb2 Bg7 6.Be2 Nxe4 7.Bb5+
Nc6 8.O-O Nxc3 9.Bxc3 e5 10.b4 cxb4 11.Bxb4 O-O 12.Bxc6 bxc6
13.Qe2 Re8 14.d3 e4 15.dxe4 a5 16.Ba3 Ba6 17.Qd2 Bxf1 18.Rxf1
Rxe4 19.Bxd6 Qb6 20.Qd3 Rae8 21.Qa3 Qb5 22.Bc7 Ra4 23.Qb3 Rb4
24.Qd3 Qxd3 25.cxd3 Ra4 26.Rc1 Rxa2 27.g3 a4 28.Rxc6 Rc8 0-1

[White "Janda, Jiri"]
[Black "Bores, Miroslav"]
[WhiteElo "2221"]
[BlackElo "2225"]
[Result "1/2-1/2"]
[Date "2011.02.27"]

[Event "1.CLZ 10/11,1. Novoborsky SK B-Praha Kobylisy"]
[Site "?"]
[Round "9.8"]
[Annotator ""]
[Source ""]
[Remark ""]

1.e4 c5 2.Nc3 Nc6 3.f4 e6 4.Nf3 a6 5.a4 d6 6.Bc4 Be7 7.d3 Nf6
8.Bb3 d5 9.e5 Nd7 10.O-O O-O 11.Qe1 Nb4 12.Qe2 Rb8 13.f5 exf5
14.Nxd5 Nxd5 15.Bxd5 Nb6 16.Bb3 Nd5 17.Bd2 b6 18.Kh1 Be6 19.d4 1/2-1/2

[White "Hinks-Edwards, Thomas"]
[Black "Svoboda, Vaclav"]
[WhiteElo "2383"]
[BlackElo "2266"]
[Result "1/2-1/2"]
[Date "2011.03.20"]

[Event "1.CLZ 10/11,Praha Kobylisy-Praha Vrsovice"]
[Site "?"]
[Round "10.2"]
[Annotator ""]
[Source ""]
[Remark ""]

1.d4 Nf6 2.c4 e6 3.Nc3 Bb4 4.Qc2 d5 5.cxd5 exd5 6.Bg5 c5 7.a3
Bxc3+ 8.bxc3 h6 9.Bxf6 Qxf6 10.dxc5 O-O 11.e3 Be6 12.Nf3 Rc8
13.Bd3 Rxc5 14.Rc1 Nd7 15.Qb2 b6 16.Nd4 Ne5 17.Be2 Qg6 18.Nxe6
fxe6 19.O-O Rac8 20.Rfd1 Nc4 21.Bxc4 Rxc4 22.Rd4 Rxc3 23.Rxc3
Rxc3 24.e4 Rc5 25.h4 Qf6 26.Qd2 Rc4 27.Rd3 Rxe4 28.g3 Qa1+ 29.Kg2
Qe1 30.Qc2 Rc4 0-1

[White "Forman, Stepan"]
[Black "Kubecka, David"]
[WhiteElo "2343"]
[BlackElo "2285"]
[Result "1/2-1/2"]
[Date "2011.03.20"]

[Event "1.CLZ 10/11,Praha Kobylisy-Praha Vrsovice"]
[Site "?"]
[Round "10.3"]
[Annotator ""]
[Source ""]
[Remark ""]

1.d4 Nf6 2.Nf3 g6 3.g3 Bg7 4.Bg2 O-O 5.O-O d6 6.c4 Nbd7 7.Nc3
c6 8.b3 Qa5 9.Qd2 Re8 10.Bb2 e5 11.d5 c5 12.Nb5 Qb6 13.a4 Ne4
14.Qc2 f5 15.a5 Qd8 16.Nd2 Nxd2 17.Qxd2 Nf6 18.b4 a6 19.Na3 cxb4
20.Qxb4 Nd7 21.Nb1 Nc5 22.Nc3 Bd7 23.Bc1 e4 24.Be3 Rc8 25.Ra3
Qc7 26.Rb1 Re7 27.h4 Be8 28.Bh3 h5 29.Bg5 Rf7 30.Bf1 Be5 31.Bg2
Qb8 32.Be3 Rfc7 33.Bf1 Rg7 34.Bh6 Rf7 35.Bg2 Qc7 36.Be3 Qe7 37.Qb6
Bxc3 38.Rxc3 Na4 39.Qd4 Nxc3 40.Qxc3 Qc7 41.Qb4 Kh7 42.Rc1 Qd7
43.Bf4 Rc5 44.Be3 Rc8 45.Bf4 1/2-1/2

[White "Svatos, Jan"]
[Black "Schula, Michal"]
[WhiteElo "2267"]
[BlackElo "2300"]
[Result "1/2-1/2"]
[Date "2011.03.20"]

[Event "1.CLZ 10/11,Praha Kobylisy-Praha Vrsovice"]
[Site "?"]
[Round "10.5"]
[Annotator ""]
[Source ""]
[Remark ""]

1.d4 d5 2.c4 dxc4 3.Nf3 Nf6 4.Qa4+ c6 5.Qxc4 Bf5 6.Nc3 h6 7.g3
Nbd7 8.Bg2 e6 9.O-O Be7 10.Re1 Ne4 11.Nd2 Nb6 12.Qb3 Nxd2 13.Bxd2
Qxd4 14.e4 Bg4 15.Be3 Qb4 16.h3 Bh5 17.Qc2 Nc4 18.Bc1 Bf6 19.a3
Qa5 20.Qb3 Bxc3 21.bxc3 Nb6 22.Be3 O-O 23.f4 Bg6 24.Rab1 Rfe8
25.c4 Re7 26.c5 Na4 27.Qc4 Rd8 28.Rec1 Red7 29.Bf1 b5 30.cxb6
Nxb6 31.Qb4 Qxb4 32.Rxb4 Rd1 33.Rxc6 Ra1 34.Kf2 Ra2+ 35.Be2 Rxa3
36.g4 Re8 37.Rc7 f5 38.Bd4 Bf7 39.g5 hxg5 40.fxg5 g6 41.h4 fxe4
42.h5 Nd5 43.hxg6 Nxc7 44.gxf7+ Kxf7 45.Rb7 Kg6 46.Rxc7 1/2-1/2

[White "Kohout, Vratislav"]
[Black "Dvorak, Jan"]
[WhiteElo "2209"]
[BlackElo "2175"]
[Result "1-0"]
[Date "2011.03.20"]

[Event "1.CLZ 10/11,Praha Kobylisy-Praha Vrsovice"]
[Site "?"]
[Round "10.7"]
[Annotator ""]
[Source ""]
[Remark ""]

1.e4 d5 2.exd5 Qxd5 3.Nc3 Qd6 4.d4 Nf6 5.Nf3 a6 6.Ne5 Nc6 7.Nxc6
Qxc6 8.d5 Qd6 9.Be2 e6 10.Bf3 exd5 11.Nxd5 Nxd5 12.Qxd5 Qxd5
13.Bxd5 c6 14.Bb3 Bc5 15.O-O O-O 16.Re1 Be6 17.Bxe6 fxe6 18.Be3
Bxe3 19.Rxe3 Rae8 20.Kf1 Rf6 21.Rd1 Kf7 22.Ke2 Rf5 23.Red3 Rd5
24.c4 Rxd3 25.Rxd3 c5 26.Rd6 Re7 27.Kd3 Kf6 28.Ke4 g5 29.a4 h5
30.a5 Rf7 31.Ke3 Ke5 32.Rd8 Rf4 33.b3 Re4+ 34.Kd3 Re1 35.Rh8
h4 36.g3 hxg3 37.hxg3 Rf1 38.Rg8 Rxf2 39.Rxg5+ Kd6 40.Rg7 Rf3+
41.Kc2 Kc6 42.g4 Rf2+ 43.Kd3 Rf3+ 44.Kc2 Rf2+ 45.Kc3 Rf3+ 46.Kb2
Rf2+ 47.Kc3 1/2-1/2

[White "Erban, Tomas"]
[Black "Janda, Jiri"]
[WhiteElo "2120"]
[BlackElo "2221"]
[Result "0-1"]
[Date "2011.03.20"]

[Event "1.CLZ 10/11,Praha Kobylisy-Praha Vrsovice"]
[Site "?"]
[Round "10.8"]
[Annotator ""]
[Source ""]
[Remark ""]

1.d4 Nf6 2.c4 c5 3.d5 e6 4.Nc3 exd5 5.cxd5 Bd6 6.g3 O-O 7.Bg2
Re8 8.Nf3 Bf8 9.O-O d6 10.Nd2 Na6 11.Nc4 Rb8 12.a4 Nb4 13.Bg5
h6 14.Bf4 Nh5 15.Bd2 Nf6 16.e4 b6 17.Re1 a6 18.Qb1 b5 19.axb5
axb5 20.Na3 Bd7 21.Bf1 Ng4 22.f3 Ne5 23.Be2 c4 24.Nd1 Nbd3 25.f4
Nxe1 26.Bxe1 Ng4 27.Bf3 Qb6+ 28.Kh1 Qc5 29.h3 Nf6 30.Bf2 Qc8
31.g4 b4 32.Nc2 Nxe4 33.Bxe4 Rxe4 34.Nd4 Rxf4 35.Be3 Rf6 36.Nf2
Qb7 37.Ra5 Re8 38.Ne4 Rg6 39.Nf5 Re5 40.Nh4 Rxd5 41.Ra7 Rd1+
42.Qxd1 Qxe4+ 43.Kh2 Bc6 44.Qf1 Rf6 45.Nf5 Rxf5 46.gxf5 Qxe3
47.Qxc4 Qf2# 0-1

[White "Spirin, Oleg"]
[Black "Hinks-Edwards, Thomas"]
[WhiteElo "2464"]
[BlackElo "2383"]
[Result "1/2-1/2"]
[Date "2011.04.03"]

[Event "1.CLZ 10/11,AD Jicin-Praha Kobylisy"]
[Site "?"]
[Round "11.1"]
[Annotator ""]
[Source ""]
[Remark ""]

1.d4 Nf6 2.Nf3 e6 3.c4 Nc6 4.g3 Bb4+ 5.Nbd2 d5 6.Qc2 dxc4 7.Qxc4
Qd5 8.Qxd5 exd5 9.Bg2 a5 10.a3 Bd6 11.b3 Ne4 12.Bb2 Nxd2 13.Nxd2
Be6 14.e3 Ne7 15.O-O O-O 16.Rfc1 c6 17.Nf3 Bf5 18.Bf1 Rfe8 19.Ne1
f6 20.Nd3 Bxd3 21.Bxd3 g6 22.Bc3 Kf7 23.Kg2 f5 24.Bd2 Ke6 25.h3
a4 26.b4 b5 27.Rc2 Kd7 28.Rac1 h5 29.Be2 Rh8 30.f3 Rhe8 31.Bd3
Ra6 32.Kf2 Rf8 33.Rg1 Raa8 34.Rcc1 Rf7 35.Ke2 Re8 36.Rcf1 Rg7
37.g4 hxg4 38.hxg4 Rh7 39.Rf2 Rf8 40.gxf5 gxf5 41.Rfg2 Rfh8 42.Be1
Rh2 43.Bf2 Rxg2 44.Rxg2 Rh1 45.Rg1 1/2-1/2

[White "Simek, Petr"]
[Black "Koziak, Vitali"]
[WhiteElo "2302"]
[BlackElo "2467"]
[Result "1/2-1/2"]
[Date "2011.04.03"]

[Event "1.CLZ 10/11,AD Jicin-Praha Kobylisy"]
[Site "?"]
[Round "11.2"]
[Annotator ""]
[Source ""]
[Remark ""]

1.e4 e5 2.Nf3 Nc6 3.Bb5 a6 4.Ba4 Nf6 5.Qe2 Be7 6.c3 b5 7.Bb3
O-O 8.d4 d6 9.O-O Bg4 10.Rd1 Qd7 11.h3 Bh5 12.a4 b4 13.a5 bxc3
14.bxc3 Qc8 15.d5 Nd8 16.Ba3 Nb7 17.Bb4 Nd7 18.Ba4 Nbc5 19.Bc6
Rb8 20.Nbd2 Bg6 21.Bxd7 Nxd7 22.Nc4 Qe8 23.Nfd2 Qc8 24.Ne3 Bg5
25.Rab1 Nf6 26.Qc4 Nh5 27.Ba3 Rxb1 28.Rxb1 Bxe3 29.fxe3 f5 30.exf5
Bxf5 31.Rf1 Nf6 32.Rf2 Bd7 33.Ne4 Bb5 34.Nxf6+ Rxf6 35.Qe4 Rxf2
36.Kxf2 Qf8+ 37.Qf3 e4 38.Qxf8+ Kxf8 39.Kg3 Bc4 40.Kf4 Bxd5 41.g3
Ke7 42.c4 Bxc4 43.Kxe4 Kd7 44.Bb2 g6 45.Bf6 c5 46.h4 Kc6 47.Kf3
Kb5 48.Bd8 d5 49.Kf2 Kb4 50.Bb6 Bd3 51.Ke1 c4 52.Kd2 Bf5 53.Bc7
c3+ 54.Kc1 Kc4 55.Be5 Kd3 56.Bg7 c2 57.Bh6 Ke4 58.Bf4 Kf3 59.Kd2 1/2-1/2

[White "Volosin, Leonid"]
[Black "Forman, Stepan"]
[WhiteElo "2456"]
[BlackElo "2343"]
[Result "1-0"]
[Date "2011.04.03"]

[Event "1.CLZ 10/11,AD Jicin-Praha Kobylisy"]
[Site "?"]
[Round "11.3"]
[Annotator ""]
[Source ""]
[Remark ""]

1.e4 c5 2.Nf3 e6 3.d3 d5 4.Nbd2 Nc6 5.g3 f5 6.Bg2 Nf6 7.O-O Be7
8.exf5 exf5 9.Re1 O-O 10.Ng5 Re8 11.f4 Qd6 12.Ngf3 Be6 13.Ne5
Nd7 14.Ndf3 Bf6 15.Nxc6 bxc6 16.c3 Rad8 17.d4 cxd4 18.cxd4 Rb8
19.b3 Bf7 20.Be3 Bh5 21.Rc1 Re6 22.Qd2 Bxf3 23.Bxf3 Qb4 24.Qxb4
Rxb4 25.Rxc6 Re8 26.Bxd5+ Kf8 27.Rc7 Bxd4 28.Rxd7 Rxe3 29.Rxe3
Bxe3+ 30.Kg2 Rd4 31.Rf7+ Ke8 32.Rxf5 Rd2+ 33.Kf3 Bd4 34.Bc6+
Ke7 35.Rd5 Bc3 36.Rxd2 Bxd2 37.Ke4 Kd6 38.Bd5 Bc3 39.Bg8 h6 40.Kf5
Ke7 41.Kg6 Kf8 42.Bc4 Bd4 43.g4 Be3 44.f5 Bg5 45.b4 Bf6 46.a4
Bc3 47.b5 Ke7 48.h4 Be1 49.Kxg7 1-0

[White "Schula, Michal"]
[Black "Meduna, Eduard"]
[WhiteElo "2300"]
[BlackElo "2426"]
[Result "0-1"]
[Date "2011.04.03"]

[Event "1.CLZ 10/11,AD Jicin-Praha Kobylisy"]
[Site "?"]
[Round "11.4"]
[Annotator ""]
[Source ""]
[Remark ""]

1.e4 c6 2.d4 d5 3.Nd2 dxe4 4.Nxe4 Nd7 5.Nf3 Ngf6 6.Nxf6+ Nxf6
7.Ne5 Be6 8.Be2 g6 9.O-O Bg7 10.c4 O-O 11.Be3 Qc7 12.f4 Rad8
13.Qe1 Nd7 14.Qf2 b6 15.Rad1 Nxe5 16.dxe5 c5 17.b3 f6 18.Rxd8
Rxd8 19.exf6 Bxf6 20.Rd1 Bf5 21.Bf3 h5 22.Qe2 Rd7 23.Rxd7 Qxd7
24.Qd1 Bd4 25.Kf2 Qd6 26.g3 Kf7 27.Qd2 a5 28.Bd5+ e6 29.Bf3 e5
30.fxe5 Qxe5 31.Bxd4 cxd4 32.a3 Be6 33.Qd3 Bf5 34.Qd2 d3 35.h4
Qd4+ 36.Qe3 Qb2+ 37.Ke1 Qb1+ 38.Bd1 Qa1 39.Qf4 Qd4 40.Kf1 Qc5
41.Bf3 Kg7 42.Bd5 Qe7 43.Qf2 Qe5 44.Kg2 Qe2 45.Bf3 Qc2 46.Kg1
d2 47.Qd4+ Kh7 48.Qd6 Qc3 49.Kf2 Bc2 50.Qd7+ Kh6 51.Qd6 0-1

[White "Jurek, Josef"]
[Black "Kopta, Pavel"]
[WhiteElo "2348"]
[BlackElo "2287"]
[Result "1-0"]
[Date "2011.04.03"]

[Event "1.CLZ 10/11,AD Jicin-Praha Kobylisy"]
[Site "?"]
[Round "11.5"]
[Annotator ""]
[Source ""]
[Remark ""]

1.Nf3 Nf6 2.c4 e6 3.g3 b6 4.Bg2 Bb7 5.O-O Be7 6.d4 O-O 7.Re1
d6 8.Nc3 Ne4 9.Qc2 Nxc3 10.Ng5 Ne4 11.Bxe4 Bxg5 12.Bxb7 Bxc1
13.Raxc1 Nd7 14.Bxa8 Qxa8 15.b4 f5 16.c5 bxc5 17.bxc5 dxc5 18.dxc5
Qc6 19.Red1 Nf6 20.Rd4 h5 21.Qa4 Qb7 22.c6 Qb2 23.Qc4 Kh8 24.Rdd1
Nd5 25.Rc2 Qf6 26.Qd4 Qg6 27.e3 f4 28.Qc5 Rf7 29.exf4 h4 30.Rb2
hxg3 31.hxg3 Nxf4 32.Qc4 Qg4 33.Rd4 g5 34.Rd8+ Kh7 35.Qe4+ Rf5
36.Qd4 Rf7 37.Qh8+ Kg6 38.Rg8+ Kf5 39.Rb5+ Nd5 40.Qa1 Qf3 41.Qd4
Qh5 42.Rh8 Qf3 43.Rh6 Rf8 44.Rb3 Qe2 45.Kg2 g4 46.Qg7 Rf6 47.Qh7+
Ke5 48.Rxf6 Kxf6 49.Qd3 Qe5 50.Qc4 Qh5 51.Qe4 Ke7 52.Rb1 Kd6
53.Re1 Qf5 54.Qxf5 exf5 55.a3 Ne7 56.f3 Nxc6 57.fxg4 fxg4 58.Re4
Ne5 59.Ra4 c5 60.Kf2 Kd5 61.Rxa7 Kd4 62.Ke2 c4 63.a4 Kc3 64.a5
Nc6 65.Ra8 Kc2 66.a6 c3 67.Rc8 Nd4+ 68.Ke3 Nb5 69.Rc5 1-0

[White "Dvorak, Jan"]
[Black "Lechtynsky, Jiri"]
[WhiteElo "2175"]
[BlackElo "2380"]
[Result "1/2-1/2"]
[Date "2011.04.03"]

[Event "1.CLZ 10/11,AD Jicin-Praha Kobylisy"]
[Site "?"]
[Round "11.6"]
[Annotator ""]
[Source ""]
[Remark ""]

1.d4 Nf6 2.Nf3 d6 3.c4 g6 4.Nc3 Bg7 5.e4 O-O 6.Be2 Bg4 7.Be3
Nc6 8.O-O Nd7 9.Nd2 Bxe2 10.Nxe2 e5 11.d5 Nd4 12.Nb3 Nxe2+ 13.Qxe2
a5 14.Nd2 f5 15.f3 Qe7 16.b3 c5 17.Nb1 fxe4 18.fxe4 Rxf1+ 19.Qxf1
Qh4 20.Nc3 Nf6 21.Qe1 Qg4 22.Bd2 Qd7 23.Qe2 b6 24.Rf1 Ne8 25.Bg5
h6 26.Bd2 Nc7 27.Qd3 Kh7 28.Qf3 Rf8 29.Qh3 Rxf1+ 30.Kxf1 Qxh3
31.gxh3 Bf6 32.Na4 Na8 33.Kg2 h5 34.Kg3 Kg7 35.Bc3 Kf7 36.Bd2
Ke7 37.Kf3 Kd7 38.Ke2 Kc7 39.Kd3 Kb7 40.Be3 Nc7 41.Nc3 Kc8 42.Bd2
Bd8 43.Ne2 Ne8 44.Ng1 Nf6 45.Nf3 Nh7 46.Ke2 Kd7 47.Kf2 Ke8 48.Kg3
Kf7 49.h4 Ke8 50.h3 Kd7 51.a4 Ke8 52.Bc1 Be7 53.Bd2 1/2-1/2

[White "Novotny, Jaroslav"]
[Black "Jancarik, Joel"]
[WhiteElo "2214"]
[BlackElo "2205"]
[Result "1-0"]
[Date "2011.04.03"]

[Event "1.CLZ 10/11,AD Jicin-Praha Kobylisy"]
[Site "?"]
[Round "11.7"]
[Annotator ""]
[Source ""]
[Remark ""]

1.e4 c5 2.Nf3 d6 3.d4 cxd4 4.Nxd4 Nf6 5.Nc3 g6 6.Be2 Bg7 7.O-O
Nc6 8.Nb3 O-O 9.Re1 Be6 10.Bf1 Rc8 11.Nd5 Re8 12.c3 Na5 13.h3
Nc4 14.g3 a6 15.Bg2 Bxd5 16.exd5 Qb6 17.a4 a5 18.Ra2 e5 19.dxe6
fxe6 20.Nd4 e5 21.Nb5 d5 22.b3 Nd6 23.Bxd5+ Nxd5 24.Qxd5+ Nf7
25.Be3 Qa6 26.Rd2 Red8 27.Qe4 Rxd2 28.Bxd2 Rd8 29.Be3 Qe6 30.c4
Rd7 31.Kg2 Nd8 32.Nc3 Nc6 33.Rd1 Rxd1 34.Nxd1 Qd7 35.Nc3 Nd4
36.Bxd4 exd4 37.Qd5+ Qf7 38.Qxf7+ Kxf7 39.Nd1 Ke6 40.Nb2 Kf5
41.Nd3 b6 42.f3 h5 43.g4+ hxg4 44.hxg4+ Kf6 45.f4 g5 46.f5 Ke7
47.Kf3 Kd6 48.Ke4 Bf6 49.Nf2 Bh8 50.Nd3 Bf6 51.Ne1 Kc5 52.Kd3
Kb4 53.Kc2 Kc5 54.Nd3+ Kd6 55.b4 Bd8 56.bxa5 bxa5 57.Kd2 Bf6
58.Nf2 Kc5 59.Kd3 Kd6 60.c5+ Ke5 61.Ne4 Bd8 62.f6 Kd5 63.f7 Be7
64.Nxg5 Kxc5 65.Ne6+ Kb4 66.f8Q Bxf8 67.Nxf8 1-0

[White "Janda, Jiri"]
[Black "Urban, Zdenek"]
[WhiteElo "2221"]
[BlackElo "2205"]
[Result "1-0"]
[Date "2011.04.03"]